Insuficiencia tecnológica en las Ciencias Sociales de la Carrera de Pedagogía, 2006 (Record no. 1813)
[ view plain ]
| 000 -LEADER | |
|---|---|
| campo de control de longitud fija | 02093nam a2200541Ia 4500 |
| 001 - NÚMERO DE CONTROL | |
| campo de control | 1934 |
| 008 - DATOS DE LONGITUD FIJA--INFORMACIÓN GENERAL | |
| campo de control de longitud fija | 241029s9999 xx 000 0 und d |
| 010 ## - NÚMERO DE CONTROL DE LA BIBLIOTECA DEL CONGRESO | |
| Número de control de LC | 1813 |
| 041 ## - CÓDIGO DE IDIOMA | |
| Código de lengua del texto/banda sonora o título independiente | Español |
| 082 ## - NÚMERO DE LA CLASIFICACIÓN DECIMAL DEWEY | |
| Número de clasificación | 370-28-2006 |
| 245 #0 - MENCIÓN DEL TÍTULO | |
| Título | Insuficiencia tecnológica en las Ciencias Sociales de la Carrera de Pedagogía, 2006 |
| 260 ## - PUBLICACIÓN, DISTRIBUCIÓN, ETC. | |
| Lugar de publicación, distribución, etc. | San Pedro de Macorís |
| 300 ## - DESCRIPCIÓN FÍSICA | |
| Extensión | 28 |
| 520 ## - RESUMEN, ETC. | |
| Sumario, etc. | 37 |
| 520 ## - RESUMEN, ETC. | |
| Sumario, etc. | El objetivo general del trabajo fue determinar las insuficiencias tecnológicas aplicadas a las Ciencias Sociales, utilizando para con consecución del mismo una encuesta aplicada a los alumnos de Ciencias Sociales y al departamento de pedagogía. La población comprendió 59 estudiantes.De acuerdo a los análisis de los resultados el mayor porcentaje de los estudiantes asumen que los profesores utilizan tecnologías en el aula. Estos datos coincidieron tanto en las encuestas hechas a los estudiantes, como a la del departamento de pedagogía. El estudio recomienda que los encargados del departamento pedagogía deben promover intercambios tecnológicos entre la universidades nacionales e internacionales. |
| 630 ## - PUNTO DE ACCESO ADICIONAL DE MATERIA--TÍTULO UNIFORME | |
| Título uniforme | Ciencias Sociales |
| 630 ## - PUNTO DE ACCESO ADICIONAL DE MATERIA--TÍTULO UNIFORME | |
| Título uniforme | Recursos Tecnológicos |
| 650 ## - PUNTO DE ACCESO ADICIONAL DE MATERIA--TÉRMINO DE MATERIA | |
| Término de materia o nombre geográfico como elemento de entrada | Ciencias Sociales |
| 690 ## - PUNTO DE ACCESO ADICIONAL DE MATERIA LOCAL--TÉRMINO DE MATERIA (OCLC, RLIN) | |
| Término de materia o nombre geográfico como elemento inicial | Elaborado |
| 700 ## - ENTRADA AGREGADA--NOMBRE PERSONAL | |
| Término indicativo de función/relación | asesor |
| Nombre de persona | Basora, Olga |
| 700 ## - ENTRADA AGREGADA--NOMBRE PERSONAL | |
| Término indicativo de función/relación | autor |
| Nombre de persona | Dijol Alcalá, Esperanza |
| 700 ## - ENTRADA AGREGADA--NOMBRE PERSONAL | |
| Término indicativo de función/relación | autor |
| Nombre de persona | Avilés Roja, Oscar |
| 901 ## - ELEMENTOS DE DATOS A LOCAL LDA (RLIN) | |
| a | {"1":"Dijol Alcalá","2":"Avilés Roja"} |
| b | {"1":"Esperanza ","2":"Oscar"} |
| 902 ## - ELEMENTOS DE DATOS B LOCAL, LDB (RLIN) | |
| a | 1 |
| 903 ## - ELEMENTOS DE DATOS C LOCAL, LDC (RLIN) | |
| a | {"1":" Basora"} |
| b | {"1":"Olga"} |
| 904 ## - ELEMENTOS DE DATOS D LOCAL, LDD (RLIN) | |
| a | Maestría en |
| 905 ## - ELEMENTOS DE DATOS E LOCAL, LDE (RLIN) | |
| a | Educación Superior |
| 906 ## - ELEMENTOS DE DATOS F LOCAL, LDF (RLIN) | |
| a | 1 |
| 907 ## - ELEMENTOS DE DATOS G LOCAL, LDG (RLIN) | |
| a | Mención en |
| 908 ## - COLOCAR PARÁMETRO DE COMANDO (RLIN) | |
| Colocar parámetro de comando | Gestión |
| 909 ## - | |
| -- | Universidad Central del Este (UCE) |
| 910 ## - DATOS DE OPCIÓN DEL USUARIO (OCLC) | |
| Datos de opción del usuario | NULL |
| -- | NULL |
| 911 ## - EQUIVALENCIA O REFERENCIA-CRUZADA-NOMBRE DE CONFERENCIA O REUNIÓN/CONGRESO [LOCAL, CANADÁ] | |
| Nombre de congreso/reunión o jurisdicción como elemento de entrada | ["1"] |
| 912 ## - | |
| -- | NO APLICA |
| 913 ## - | |
| -- | NULL |
| 914 ## - | |
| -- | 01 de Septiembre de 2006 |
| 915 ## - | |
| -- | 20/07/15 04:07 |
| 916 ## - | |
| -- | NULL |
| 917 ## - | |
| -- | NULL |
| 918 ## - | |
| -- | NO APLICA |
| 919 ## - | |
| -- | ["231","218"] |
| 921 ## - | |
| -- | 2 |
| 922 ## - | |
| -- | 2 |
| 923 ## - | |
| -- | 0 |
| 924 ## - | |
| -- | NO APLICA |
| 942 ## - ELEMENTOS DE ENTRADA SECUNDARIOS (KOHA) | |
| Tipo de ítem Koha | |
No items available.